Xenophontis Opera (Record no. 156300)

MARC details
000 -LEADER
campo de control de longitud fija 01187nam a22002415i 4500
001 - NÚMERO DE CONTROL
campo de control 156300
003 - IDENTIFICADOR DE NÚMERO DE CONTROL
campo de control ES-MaACL
005 - FECHA Y HORA DE LA ÚLTIMA TRANSACCIÓN
campo de control 20230906210356.0
008 - DATOS DE LONGITUD FIJA--INFORMACIÓN GENERAL
campo de control de longitud fija 040730m18111821gw a |||| | grc d
040 ## - FUENTE DE CATALOGACIÓN
Centro catalogador/agencia de origen CAM
Lengua de catalogación spa
Centro/agencia transcriptor CAM
100 0# - ENTRADA PRINCIPAL--NOMBRE DE PERSONA
Nombre de persona Jenofonte.
9 (RLIN) 66312
245 10 - MENCIÓN DEL TÍTULO
Título Xenophontis Opera
Resto del título : ad optimorum librorum fidem accurate edita.
250 ## - MENCION DE EDICION
Mención de edición Ed. stereotypa.
260 ## - PUBLICACIÓN, DISTRIBUCIÓN, ETC.
Lugar de publicación, distribución, etc. Lipsiae :
Nombre del editor, distribuidor, etc. ex officina Car. Tauchnitii,
Fecha de publicación, distribución, etc. 1811-1821.
300 ## - DESCRIPCIÓN FÍSICA
Extensión 6 v. ;
Dimensiones 13 cm.
505 8# - NOTA DE CONTENIDO CON FORMATO
Nota de contenido con formato Contiene: T.I: Cyropaediam - T.II (1811): Vita Xenophontis e Diogene Laertio - T.III: Anabasis - T.IV (1811) - T.V (1819): Oeconomicus, Apologia Socratis, Convivim, Hiero, Agesilaus - T.VI (1821): Opuscula politica equestria et venatica continens
594 ## - Nota al título y mención de responsabilidad
Nota al título y mención de responsabilidad En la port. de los t.II y IV consta: "... ad optimorum librorum fidem edidit Godofredus Henricus Schaefer"
597 ## - NOTA DE DESCRIPCIÓN FÍSICA
NOTA DE DESCRIPCIÓN FÍSICA T.I (382 p., [1] h. de lám.) - T.II (176 p.) - T.III (288 p.) - T.IV (339 p.) - T.V (208 p.) - T.VI (158 p.)
597 ## - NOTA DE DESCRIPCIÓN FÍSICA
NOTA DE DESCRIPCIÓN FÍSICA Cada vol. con portadas en latín y griego.
700 11 - ENTRADA AGREGADA--NOMBRE PERSONAL
Nombre de persona Tauchnitz, Karl,
Término indicativo de función/relación
9 (RLIN) 133145
752 ## - ENTRADA AGREGADA--NOMBRE JERÁRQUICO DEL LUGAR
País o entidad superior Alemania -
Ciudad Leipzig
852 ## - LOCALIZACIÓN
Ubicación ES-MaACL
Número de control de estantería D-4017-4020
Nota libre -- Enc. hol.
-- -- 6 t. en 4 v.
Holdings
Estatus retirado Estado de pérdida Estado de daño No para préstamo Colección Biblioteca de origen Biblioteca actual Ubicación en estantería Fecha de adquisición Fuente de adquisición Total de préstamos Signatura topográfica completa Código de barras Visto por última vez Precio de reemplazo Tipo de ítem Koha
        Libros del s. XIX Biblioteca del Ateneo de Madrid Biblioteca del Ateneo de Madrid Sala Valle Inclán 17/01/2008     D-4017-4020 901163522 23/02/2023 23/02/2023 Libro impreso antiguo